Estatísticas para Glee

Clique aqui para jogar o quiz

Estatísticas Gerais

  • Esse quiz foi jogado 14 vezes
  • A pontuação média é 10 de 15

Estatísticas das Respostas

HintResposta% Correto
Qual foi o ano de estreia de Glee?2009
100%
Quantas temporadas tem?6
100%
Mercedes já foi apaixonada por quem?Kurt
80%
Quem era o verdadeiro pai do filho de Quinn?Puck
80%
Quem sofreu um acidente na série?Quinn
80%
Qual o nome do grupo das líderes de torcida?Cheerios
70%
Qual é o nome do clube coral que Jesse, ex-namorado de Rachel Berry participa?Vocal Adrenaline
70%
Qual a primeira música famosa que Blaine canta?Teenage Dream
60%
Com quem Will era casado antes de Emma?Terry
60%
Que música os membros do clube Glee cantam no pedido do casamento de Will?We Found Love
60%
O que significa ''Glee''?Alegria
50%
Qual o nome completo de Brittany?Brittany Susan Pierce
50%
Qual é o nome do programa para Internet de Brittany?Fondue para dois
50%
Qual o nome da música em que Finn e Rachels se beijam durante sua apresentação?Pretending
50%
Quantos episódios tem Glee?121
30%

Distribuição das Pontuações

Percentil de Números Respondidos

Porcentagem de Pessoas com Cada Pontuação

Sua Pontuação Histórica

Você não jogou esse quiz